000 00259nam a22001097a 4500
082 _a621 TUV'E
100 _aTUVE, G. L,DOMHOLDH, L. C
_978501
245 _aENGINEERING EXPERIMENTATION
260 _aNEWYORK
_bMCGRAW HILL
_c1966
300 _a644P
942 _cBK
999 _c583611
_d583611